Statistiche per Riconosci lo Stadio - Italia - Quiz n°3

Clicka qui per fare il quiz!

Statistiche generali

  • Questo quiz è stato fatto 61 volte
  • Il punteggio medio è 6 su 10

Statistiche sulle risposte

Risposta% Corretto
Stadio Renato Dall'Ara - Bologna
96%
Stadio Olimpico - Roma
85%
Stadio Friuli - Udine
77%
Stadio Adriatico-Giovanni Cornacchia - Pescara
69%
Stadio Alberto Picco - La Spezia
63%
Stadio Renato Curi - Perugia
63%
Stadio Leonardo Garilli - Piacenza
50%
Stadio Silvio Piola - Novara
48%
Stadio del Conero - Ancona
17%
Stadio Nuovo Romagnoli - Campobasso
10%

Distribuzione punteggi

Percentile per numero di risposta

Percentuale di utenti per punteggio

I tuoi punteggi nel tempo

Non hai fatto questo quiz